00760 2200265 4500001002100000005001700021008004100038035002400079090001500103100002200118245007500140260002800215300002500243500004100268500002700309650002200336650002600358650002700384700002100411850001500432980001300447985000600460986001300466999001500479YOGYA-0209000001418320090227022407.0 ind  0010-020900000014183 a338bFos D aFOSTER, Douglas W aDasar-dasar marketingbDouglas W Foster ; penerjemah, Siswanto Soetojo aJakartabErlanggac1974 a173 hlmbilusc22 cm aJudul asli : Principles of marketing aBibliografi : hlm. 169 aEkonomi marketing aDasar-dasar marketing amarketingxdasar-dasar aSutoyo, Siswanto aYOPDYOG(B) a14-07-05 a1 aerrthrev ab000013609